| 000 | 00610pam a2200193 a 4500 | ||
|---|---|---|---|
| 020 | _a0070539391 (alk. paper) | ||
| 040 | _cDLC | ||
| 082 | 0 | 0 | _a350 HIL 1994 A016 Or. |
| 245 | 0 | 0 | _aContemporary public administration / |
| 260 |
_aNew York : _bMcGraw-Hill, _cc1994. |
||
| 300 |
_axiv, 536 p. : _bill. ; _c24 cm. |
||
| 650 | 0 | _aPublic administration. | |
| 700 | 1 | _aRosenbloom, David H. | |
| 700 | 1 | _aGoldman, Deborah D. | |
| 700 | 1 | _aIngraham, Patricia W. | |
| 856 | 4 | 2 | _uhttp://www.loc.gov/catdir/description/mh022/93047904.html |
| 856 | 4 | 1 | _uhttp://www.loc.gov/catdir/toc/mh022/93047904.html |
| 942 | _cEK | ||
| 999 |
_c11688 _d11688 |
||